| 000 | 00487cam a2200193 4500 | ||
|---|---|---|---|
| 001 | 2382 | ||
| 005 | 20181127165039.0 | ||
| 008 | 880209s1988 nyu o 000 0 eng | ||
| 010 | _a 88004411 | ||
| 020 | _a0880012161 | ||
| 020 | _a088001217X (pbk.) | ||
| 100 | 1 | _aPinsky, Robert. | |
| 245 | 1 | 0 |
_aPoetry and the world / _cRobert Pinsky. |
| 250 | _a1st ed. | ||
| 260 |
_aNew York : _bEcco Press, _cc1988. |
||
| 300 |
_a193 p. ; _c24 cm. |
||
| 650 | 0 |
_aBooks _xReviews. |
|
| 650 | 0 | _aPoetry. | |
| 999 |
_c1906 _d1906 |
||